000 00594pam a2200229 i 4500
001 2262916
005 20171218095523.0
008 780504s1978 nyua b 001 0 eng
010 _a 78000581
020 _a0471215554
040 _aDLC
_cDLC
_dDLC
041 _aeng
043 _an-us---
080 _a301.154 DON
082 0 0 _a301.154 DON
100 1 _a45
101 _aEDU
245 1 0 _aMail and telephone surveys :
_cDon A. Dillman.
504 _aBibliography: p. 299-318.
906 _a7
_bcbc
_corignew
_d1
_eocip
_f19
_gy-gencatlg
942 _2ddc
_cBK
999 _c39125
_d39125